Opožďování technické úrovně západoevropského průmyslu vůči USA a Japonsku a pespektivy jeho překonání
Salvato in:
| Autore principale: | |
|---|---|
| Natura: | Libro |
| Lingua: | ceco |
| Pubblicazione: |
Praha
Ústředí vědeckých, technických a ekonomických informací
1985
|
| Tags: |
Nessun Tag, puoi essere il primo ad aggiungerne!!
|
MARC
| LEADER | 00000nam a2200000 4500 | ||
|---|---|---|---|
| 001 | c029351 | ||
| 005 | 20251111105423.4 | ||
| 041 | 0 | |a cze | |
| 044 | |a CZ | ||
| 245 | 1 | 0 | |a Opožďování technické úrovně západoevropského průmyslu vůči USA a Japonsku a pespektivy jeho překonání |c Josef Vladyka |
| 264 | 1 | |a Praha |b Ústředí vědeckých, technických a ekonomických informací |c 1985 | |
| 300 | |a 66 s. | ||
| 100 | 1 | |a Vladyka, Josef | |